Fisiología ilustrada / (Registro nro. 934)

Detalles MARC
000 -LEADER
fixed length control field 00531nam a2200181 a 4500
008 - CAMPO DE CONTROL (LIBRO)
fixed length control field 110908s1993 sp a f |||| 001 0 spa d
020 ## - INTERNATIONAL STANDARD BOOK NUMBER
ISBN 8420522929
041 ## - CODIGO DE IDIOMA
Código de idioma del texto/pista de sonido o título separado spa
092 ## - SIGNATURA TOPOGRAFICA DEWEY LOCAL
número de clasificación 612
libristica 51
sección MAC
100 1# - ENTRADA PRINCIPAL--NOMBRE PERSONAL
Nombre personal Mackenna, B. R.
9 (RLIN) 1551
245 ## - TITULO PROPIAMENTE DICHO
Título Fisiología ilustrada /
Mención de responsabilidad y remanente de la transcripción de la portada B. R. Mackenna
250 ## - MENCION DE EDICION
Mención de edición 5a ed.
260 ## - PIE DE IMPRENTA
Lugar de publicación, distribución, etc Madrid:
Nombre de la editorial, distribuidor, etc Churchill Livingstone;
Fecha de publicación 1993.
300 ## - DESCRIPCION FISICA
Extension 380 p.
500 ## - NOTA GENERAL
Nota general Mackenna, B. R. (1993). Fisiología ilustrada (5a ed.). Madrid : Churchill Livingstone.
653 ## - TÉRMINO INDIZADO - PALABRAS CLAVES
Palabra clave Fisiología
942 ## - ADDED ENTRY ELEMENTS (KOHA)
Source of classification or shelving scheme Dewey Decimal Classification
Item type Libros
Existencias
Estado de retiro Existencia Fuente de clasificación Estado general No para prestamo Ubicación permanente ubicación actual Sala de ubicación Fecha de adquisición Total Checkouts Total Renewals Número de clasificación Código de barras Checked out Date last seen Date last borrowed Número de ejemplar Price effective from Koha tipo de elemento (item) Public note
    Dewey Decimal Classification     Biblioteca Medicina Biblioteca Medicina Referencia 08/09/2011 1 11 612 51 MAC 143 01/03/2029 06/11/2014 16/09/2011 ej.1 08/09/2011 Libros LIBRO DE CATEDRA

UNIVERSIDAD NACIONAL DEL COMAHUE
Biblioteca de la Facultad de Ciencias Médicas
Sede Toschi: Los Arrayanes y Av. Toschi, Cipolletti  - Rio Negro
Sede Los Tordos:  Yrigoyen al 2211, Cipolletti - Rio Negro 

Teléfono: 0299 - 4774707 int 25
Contacto: biblioteca@facimed.uncoma.edu.ar
© 2011 - 2026